[Event "Nova Gorica SLO, 22nd HIT Open"]
[Site "Nova Gorica SLO"]
[Date "2017.01.27"]
[Round "1.2"]
[White "Meglic, Jaka"]
[Black "Kozul, Zdenko"]
[Result "0-1"]
[WhiteElo "1965"]
[BlackElo "2616"]
[PlyCount "66"]
[EventDate "2017.01.27"]
[EventType "swiss"]
[EventRounds "9"]
[EventCountry "SLO"]
[SourceTitle "OM OTB B 201907"]
[Source "Opening Master"]
[SourceDate "2019.07.06"]
[SourceVersion "2"]
[SourceVersionDate "2019.07.06"]
[SourceQuality "1"]

1. e4 c5 2. Nf3 d6 3. d4 cxd4 4. Nxd4 Nf6 5. Nc3 Nc6 6. Be2 e5 7. Nb3 Be7 8.
O-O O-O 9. Be3 a5 10. a4 Be6 11. Qd2 Rc8 12. Rfd1 Nb4 13. Rac1 Rxc3 14. Qxc3
Nxe4 15. Qe1 Nxc2 16. Rxc2 Bxb3 17. Bd3 Nf6 18. Rcd2 Bxd1 19. Qxd1 d5 20. Bg5
Bb4 21. Rc2 Qd6 22. Bxf6 Qxf6 23. Bb5 Rd8 24. Qe2 e4 25. Rc1 g6 26. g3 h5 27.
Kg2 Kg7 28. Rc7 Qb6 29. Qc2 Rd6 30. Rc8 Rf6 31. b3 Qd4 32. Qe2 Bc5 33. Rxc5
Qxc5 0-1

[Event "FICS rated standard game"]
[Site "FICS freechess.org"]
[Date "2017.01.27"]
[Round "?"]
[White "GriffySr"]
[Black "FraLav"]
[Result "0-1"]
[WhiteElo "2163"]
[BlackElo "2065"]
[PlyCount "94"]
[EventDate "2017.??.??"]
[EventType "swiss"]

1. e4 c5 2. Nf3 d6 3. d4 cxd4 4. Nxd4 Nf6 5. Nc3 Nc6 6. Be2 e5 7. Nf3 Be7 8.
O-O h6 9. Re1 Be6 10. Be3 O-O 11. Qd3 Rc8 12. Nd5 Bxd5 13. exd5 e4 14. Qb5 exf3
15. Bxf3 Ne5 16. Bd1 b6 17. Bd4 Qd7 18. Qxd7 Nfxd7 19. f4 Ng6 20. Bg4 Rcd8 21.
Rad1 Bf6 22. g3 Bxd4+ 23. Rxd4 Nf6 24. Bf5 Rfe8 25. Rxe8+ Rxe8 26. Kf2 Ne7 27.
Be4 Nxe4+ 28. Rxe4 Kf8 29. c4 Nf5 30. Kf3 Rxe4 31. Kxe4 Ne7 32. f5 Ng8 33. Kf4
Nf6 34. g4 Ke7 35. h4 Nd7 36. g5 hxg5+ 37. hxg5 Ne5 38. b3 Nd3+ 39. Ke4 Nc1 40.
g6 fxg6 41. fxg6 Nxa2 42. Kf5 Nc1 43. b4 Nd3 44. b5 Nb2 45. Ke4 Nxc4 46. Kf4
Na3 47. Kf5 Nxb5 0-1

[Event "Florianopolis BRA, 3rd Floripa Open"]
[Site "Florianopolis BRA"]
[Date "2017.01.25"]
[Round "9.96"]
[White "Alberton, Kelvin Schmoeller"]
[Black "Noseda, Francesco"]
[Result "1-0"]
[WhiteElo "1807"]
[BlackElo "1959"]
[PlyCount "111"]
[EventDate "2017.01.20"]
[EventType "swiss"]
[EventRounds "10"]
[EventCountry "BRA"]
[SourceTitle "OM OTB B 201907"]
[Source "Opening Master"]
[SourceDate "2019.07.06"]
[SourceVersion "2"]
[SourceVersionDate "2019.07.06"]
[SourceQuality "1"]

1. e4 c5 2. Nf3 d6 3. d4 cxd4 4. Nxd4 Nf6 5. Nc3 Nc6 6. Be2 e5 7. Nb3 Be7 8.
Be3 O-O 9. g4 h6 10. h4 Nh7 11. Qd2 Bxh4 12. Bxh6 Bg5 13. Bxg5 Qxg5 14. O-O-O
Qxd2+ 15. Rxd2 Nf6 16. f3 Rd8 17. Rhd1 Ne8 18. Nb5 Be6 19. Nxd6 Nxd6 20. Rxd6
Rxd6 21. Rxd6 Rd8 22. Rxd8+ Nxd8 23. Nc5 Kf8 24. Nxe6+ Nxe6 25. Kd2 Ke7 26. c4
Kd6 27. Kc3 a5 28. a3 b6 29. b4 Nd4 30. Bd1 g5 31. c5+ bxc5 32. bxa5 Kc6 33.
Kc4 Ne6 34. Ba4+ Kd6 35. Kb5 Kc7 36. Bd1 Kb7 37. a6+ Ka7 38. a4 f6 39. Kc6 c4
40. Kd5 Nd4 41. Kxc4 Kxa6 42. Kc5 Ka5 43. Kc4 Kb6 44. Kd5 Kc7 45. a5 Kd7 46. a6
Kc7 47. a7 Kb7 48. Kd6 Kxa7 49. Ke7 Kb6 50. Kxf6 Nc6 51. Kxg5 Kc7 52. Kf6 Kd6
53. g5 Nd4 54. g6 Ne6 55. g7 Nxg7 56. Kxg7 1-0

[Event "Hong Kong HKG, Men Ch 2017"]
[Site "Hong Kong HKG"]
[Date "2017.01.16"]
[Round "2.4"]
[White "Sarwate, Rohit"]
[Black "Luk, Luen-Wah"]
[Result "1/2-1/2"]
[WhiteElo "1602"]
[BlackElo "1967"]
[PlyCount "60"]
[EventDate "2017.01.09"]
[EventType "swiss"]
[EventRounds "11"]
[EventCountry "HKG"]
[SourceTitle "OM OTB B 201907"]
[Source "Opening Master"]
[SourceDate "2019.07.06"]
[SourceVersion "2"]
[SourceVersionDate "2019.07.06"]
[SourceQuality "1"]

1. e4 c5 2. Nf3 Nc6 3. d4 cxd4 4. Nxd4 Nf6 5. Nc3 d6 6. Be2 e5 7. Nb3 Be7 8.
Be3 O-O 9. O-O Be6 10. f4 exf4 11. Bxf4 Qb6+ 12. Kh1 Rad8 13. Nd5 Bxd5 14. exd5
Ne5 15. c4 Ne4 16. Qd4 Qxd4 17. Nxd4 Ng6 18. Be3 Bf6 19. Bd3 Rfe8 20. Nf5 b6
21. Bd4 Bxd4 22. Nxd4 Nc5 23. Bxg6 hxg6 24. Nc6 Ra8 25. Rae1 a5 26. Ne7+ Kf8
27. Nxg6+ Kg8 28. Ne7+ Kf8 29. Ng6+ Kg8 30. Ne7+ Kf8 1/2-1/2

[Event "Hessenliga 1617"]
[Site "Hessen"]
[Date "2017.01.15"]
[Round "5.4"]
[White "Jakel, Wolfgang"]
[Black "Isserman, Ryhor"]
[Result "1-0"]
[WhiteElo "2223"]
[BlackElo "2216"]
[PlyCount "53"]
[EventDate "2016.09.18"]
[EventType "team-tourn"]
[EventRounds "9"]
[EventCountry "GER"]
[SourceTitle "OM OTB B 201907"]
[Source "Opening Master"]
[SourceDate "2019.07.06"]
[SourceVersion "2"]
[SourceVersionDate "2019.07.06"]
[SourceQuality "1"]
[WhiteTeam "Offenbach"]
[BlackTeam "Bad Homburg"]
[WhiteTeamCountry "GER"]
[BlackTeamCountry "GER"]

1. e4 c5 2. Nf3 d6 3. d4 cxd4 4. Nxd4 Nf6 5. Nc3 Nc6 6. Be2 e5 7. Nb3 Be7 8.
O-O a5 9. a4 O-O 10. f4 Be6 11. f5 Bxb3 12. cxb3 Nb4 13. Bc4 Qb6+ 14. Kh1 Rac8
15. Qe2 Nc6 16. Be3 Nd4 17. Qd3 Rfd8 18. Rad1 Qb4 19. Bxd4 exd4 20. Qxd4 Rc5
21. Rfe1 Qb6 22. Re2 h5 23. Qe3 Ng4 24. Qf3 Ne5 25. Qxh5 g6 26. fxg6 Nxg6 27.
Qxg6+ 1-0

[Event "Basel SUI, Masters Open 2017"]
[Site "Basel SUI"]
[Date "2017.01.07"]
[Round "8.37"]
[White "Jakel, Wolfgang"]
[Black "Kopylov, Daniel"]
[Result "1-0"]
[WhiteElo "2223"]
[BlackElo "2003"]
[PlyCount "57"]
[EventDate "2017.01.02"]
[EventType "swiss"]
[EventRounds "9"]
[EventCountry "SUI"]
[SourceTitle "OM OTB B 201907"]
[Source "Opening Master"]
[SourceDate "2019.07.06"]
[SourceVersion "2"]
[SourceVersionDate "2019.07.06"]
[SourceQuality "1"]

1. e4 c5 2. Nf3 d6 3. d4 cxd4 4. Nxd4 Nf6 5. Nc3 Nc6 6. Be2 e5 7. Nb3 Be7 8.
O-O Be6 9. f4 O-O 10. Kh1 h6 11. f5 Bxb3 12. axb3 Nd4 13. Bc4 Nd7 14. Be3 Bf6
15. Nd5 Nc6 16. Qg4 Kh7 17. Rf3 Bg5 18. Rg3 Nf6 19. Bxg5 Nxg4 20. Bxd8 Nf2+ 21.
Kg1 Nxe4 22. Rg4 Raxd8 23. Rxe4 Nd4 24. Rxa7 Nxf5 25. Bd3 Kh8 26. c3 Ra8 27.
Rxa8 Rxa8 28. Ra4 Rxa4 29. bxa4 1-0

[Event "Niedersachsen-ch op-B"]
[Site "Verden"]
[Date "2017.01.05"]
[Round "2"]
[White "Von Estorff, Jacob"]
[Black "Moenster, Madita"]
[Result "1-0"]
[WhiteElo "1885"]
[BlackElo "1766"]
[PlyCount "111"]
[EventDate "2017.01.05"]
[EventType "swiss"]
[EventRounds "7"]
[EventCountry "GER"]
[SourceTitle "OM OTB B 201907"]
[Source "Opening Master"]
[SourceDate "2019.07.06"]
[SourceVersion "2"]
[SourceVersionDate "2019.07.06"]
[SourceQuality "1"]

1. e4 c5 2. Nf3 d6 3. d4 cxd4 4. Nxd4 Nf6 5. Nc3 Nc6 6. Be2 e5 7. Nb3 Be7 8.
Be3 O-O 9. O-O Be6 10. f4 exf4 11. Bxf4 Ne5 12. Qd2 Nc4 13. Bxc4 Bxc4 14. Rfe1
Qb6+ 15. Be3 Qc7 16. h3 Rad8 17. Rad1 Rfe8 18. Qf2 b6 19. Nd4 Bf8 20. Bg5 Qc5
21. Bxf6 gxf6 22. Qxf6 Bg7 23. Qf2 d5 24. e5 Rxe5 25. Rxe5 Bxe5 26. Kh1 Kh8 27.
Qh4 Qd6 28. b3 Ba6 29. Nf3 Bxc3 30. Ng5 Qg6 31. Nxf7+ Qxf7 32. Qxd8+ Qg8 33.
Qc7 Qg7 34. Qb8+ Qg8 35. Qxa7 Be2 36. Rb1 Qe6 37. Qb8+ Qg8 38. Qxb6 Qc8 39. Qd6
Qa8 40. b4 Bc4 41. a4 d4 42. b5 Bd5 43. Qe5+ Kg8 44. Qg3+ Kh8 45. b6 Bb7 46.
Rf1 Bd5 47. Rb1 Qb7 48. Qe5+ Kg8 49. Qxd5+ Qxd5 50. b7 Kg7 51. b8=Q d3 52. Qb7+
Qxb7 53. Rxb7+ Kf6 54. cxd3 h5 55. Rb5 Kg6 56. a5 1-0

[Event "FICS rated standard game"]
[Site "FICS freechess.org"]
[Date "2017.01.05"]
[Round "?"]
[White "IsmailHosainMoni"]
[Black "pikozrout"]
[Result "0-1"]
[WhiteElo "1926"]
[BlackElo "2252"]
[PlyCount "51"]
[EventDate "2017.??.??"]
[EventType "swiss"]

1. e4 c5 2. Nf3 d6 3. d4 cxd4 4. Nxd4 Nf6 5. Nc3 Nc6 6. Be2 e5 7. Ndb5 a6 8.
Na3 b5 9. Nd5 Nxe4 10. Bf3 Bf5 11. Ne3 Bg6 12. Qd5 Nb4 13. Qb3 d5 14. c3 Nd3+
15. Ke2 Nexf2 16. Nxd5 e4 17. Nxb5 Rc8 18. Be3 exf3+ 19. gxf3 Nxh1 20. Na7 Nc5
21. Bxc5 Rxc5 22. Qa4+ Qd7 23. Qxd7+ Kxd7 24. Rd1 Bd6 25. b4 Rxd5 26. Rxd5 0-1

[Event "RD-00136"]
[Site "LSS"]
[Date "2017.01.05"]
[Round "?"]
[White "Stadler, Pavel"]
[Black "De Almeida, Claudio Correa"]
[Result "0-1"]
[WhiteElo "1482"]
[BlackElo "1616"]
[PlyCount "68"]
[EventDate "2016.10.16"]
[SourceTitle "LSS to Dec2020"]
[Source "LSS ed TH"]
[SourceDate "2021.01.12"]
[SourceVersion "3"]
[SourceVersionDate "2021.01.12"]
[SourceQuality "1"]

1. e4 c5 2. Nf3 Nc6 3. d4 cxd4 4. Nxd4 Nf6 5. Nc3 d6 6. Be2 e5 7. Nb3 Be7 8.
O-O O-O 9. Be3 a5 10. Nd2 Be6 11. Nc4 b5 12. Nb6 Rb8 13. Nbd5 b4 14. Nxf6+ Bxf6
15. Nd5 Bg5 16. Qd2 Bxe3 17. Nxe3 Nd4 18. Bc4 Bxc4 19. Nxc4 Qc7 20. Ne3 Qc6 21.
f3 a4 22. c3 bxc3 23. bxc3 Qxc3 24. Qxc3 Ne2+ 25. Kf2 Nxc3 26. Rfc1 Rfc8 27.
Ke1 Rc5 28. Nf5 Rb2 29. Kf1 Nxa2 30. Rxc5 dxc5 31. Rd1 h5 32. Ne3 Nc3 33. Rd8+
Kh7 34. Nc4 Rb4 0-1

[Event "Heraklion GRE, 19th Open"]
[Site "Heraklion GRE"]
[Date "2017.01.02"]
[Round "1.2"]
[White "Spirou, Gerasimos"]
[Black "Goumas, Georgios"]
[Result "0-1"]
[WhiteElo "1704"]
[BlackElo "2407"]
[PlyCount "44"]
[EventDate "2017.01.02"]
[EventType "swiss"]
[EventRounds "9"]
[EventCountry "GRE"]
[SourceTitle "OM OTB B 201907"]
[Source "Opening Master"]
[SourceDate "2019.07.06"]
[SourceVersion "2"]
[SourceVersionDate "2019.07.06"]
[SourceQuality "1"]

1. e4 c5 2. Nf3 Nc6 3. d4 cxd4 4. Nxd4 Nf6 5. Nc3 d6 6. Be2 e5 7. Nb3 Be7 8.
O-O O-O 9. Be3 a5 10. a3 Be6 11. Nd2 Rc8 12. Rc1 Nd4 13. Bxd4 exd4 14. Nb5 Qb6
15. a4 Rfd8 16. Bd3 Nd7 17. f4 Nc5 18. f5 Bd7 19. Nc4 Qa6 20. f6 gxf6 21. Nxd4
Nxd3 22. cxd3 Qa7 0-1

[Event "FICS rated lightning game"]
[Site "FICS freechess.org"]
[Date "2017.01.02"]
[Round "?"]
[White "mimtelf"]
[Black "Tirado"]
[Result "1-0"]
[WhiteElo "2059"]
[BlackElo "1967"]
[PlyCount "57"]
[EventDate "2017.??.??"]
[EventType "swiss"]

1. e4 c5 2. Nc3 Nc6 3. Nf3 d6 4. d4 cxd4 5. Nxd4 Nf6 6. Be2 e5 7. Nb3 h6 8. g4
Be7 9. Rg1 a6 10. h4 b5 11. Be3 Bb7 12. g5 hxg5 13. hxg5 Nd7 14. Nd5 Na5 15.
Qd2 Nxb3 16. axb3 Bxd5 17. exd5 Qc7 18. Bxb5 Rc8 19. Bd3 Nc5 20. Bxc5 Qxc5 21.
Rxa6 Qxd5 22. g6 f6 23. Bc4 Qe4+ 24. Kd1 Rh1 25. Bf7+ Kf8 26. Rxh1 Qxh1+ 27.
Qe1 Qd5+ 28. Bxd5 Rb8 29. Bc4 1-0

[Event "Wroclaw POL, Summer Open 2017"]
[Site "Wroclaw POL"]
[Date "2017.??.??"]
[Round "1.6"]
[White "Beno, Milan"]
[Black "Piotrowski, Przemyslaw"]
[Result "0-1"]
[WhiteElo "1691"]
[BlackElo "2335"]
[PlyCount "44"]
[EventDate "2017.08.10"]
[EventType "swiss"]
[EventRounds "9"]
[EventCountry "POL"]
[SourceTitle "OM OTB B 201907"]
[Source "Opening Master"]
[SourceDate "2019.07.06"]
[SourceVersion "2"]
[SourceVersionDate "2019.07.06"]
[SourceQuality "1"]

1. e4 c5 2. Nc3 Nc6 3. Nf3 d6 4. d4 cxd4 5. Nxd4 Nf6 6. Be2 e5 7. Nb3 Be7 8.
Be3 a5 9. a4 Be6 10. Nd2 d5 11. exd5 Nxd5 12. Nxd5 Bxd5 13. Bf3 f5 14. Bxd5
Qxd5 15. Nf3 Qc4 16. b3 Bb4+ 17. Nd2 Qd5 18. Qe2 Nd4 19. Bxd4 Qxd4 20. Rd1
O-O-O 21. Qe3 Qxe3+ 22. fxe3 Rxd2 0-1

[Event "North American op 26th"]
[Site "Las Vegas"]
[Date "2016.12.29"]
[Round "8"]
[White "Zhang, Chao"]
[Black "Aoshima, Mirai"]
[Result "1-0"]
[WhiteElo "2214"]
[BlackElo "2281"]
[PlyCount "103"]
[EventDate "2016.12.26"]
[EventType "swiss"]
[EventRounds "9"]
[EventCountry "USA"]
[SourceTitle "OM OTB B 201907"]
[Source "Opening Master"]
[SourceDate "2019.07.06"]
[SourceVersion "2"]
[SourceVersionDate "2019.07.06"]
[SourceQuality "1"]

1. e4 c5 2. Nf3 d6 3. d4 cxd4 4. Nxd4 Nf6 5. Nc3 Nc6 6. Be2 e5 7. Nb3 Be7 8.
O-O O-O 9. f4 a5 10. a4 Be6 11. f5 Bxb3 12. cxb3 Nb4 13. Bc4 Qb6+ 14. Kh1 Rad8
15. Qf3 Nc2 16. Rb1 h6 17. g4 Nd4 18. Qg2 d5 19. Bxd5 Nxd5 20. Nxd5 Rxd5 21.
exd5 Qxb3 22. g5 hxg5 23. Bxg5 Bxg5 24. Qxg5 Qxd5+ 25. Qg2 e4 26. f6 g6 27.
Rbd1 Qe5 28. Qg3 Qxg3 29. hxg3 Nf5 30. Rg1 Rc8 31. Rc1 Rd8 32. Rcd1 Rc8 33. Rc1
Rd8 34. Rgd1 Re8 35. g4 Ne3 36. Rg1 Nd5 37. g5 e3 38. Kg2 e2 39. Kf2 Nf4 40.
Rc3 b6 41. Rh1 Rd8 42. Re3 Rc8 43. Kf3 Ne6 44. Kxe2 Nxg5 45. Kd3 Ne6 46. Ke4
Nc5+ 47. Kd5 Nd7 48. Rf3 Rd8 49. Kd6 Nxf6+ 50. Ke7 Rd4 51. Kxf6 Rxa4 52. Rd1
1-0

[Event "Copenhagen OeBRO op"]
[Site "Copenhagen"]
[Date "2016.12.28"]
[Round "4"]
[White "Hansen, John Laurids"]
[Black "Reimanis, Ritvars"]
[Result "0-1"]
[WhiteElo "1924"]
[BlackElo "2257"]
[PlyCount "76"]
[EventDate "2016.12.27"]
[EventType "swiss"]
[EventRounds "7"]
[EventCountry "DEN"]
[SourceTitle "OM OTB B 201907"]
[Source "Opening Master"]
[SourceDate "2019.07.06"]
[SourceVersion "2"]
[SourceVersionDate "2019.07.06"]
[SourceQuality "1"]

1. e4 c5 2. Nf3 Nc6 3. d4 cxd4 4. Nxd4 Nf6 5. Nc3 d6 6. Be2 e5 7. Nf3 h6 8. O-O
Be6 9. Re1 Be7 10. h3 O-O 11. Be3 d5 12. exd5 Nxd5 13. Nxd5 Bxd5 14. c3 f5 15.
Qa4 Qc7 16. Rad1 Bf7 17. Bc4 e4 18. Nd4 Ne5 19. Bxf7+ Rxf7 20. Qb3 Nd3 21. Rf1
Qd7 22. Ne6 Bd6 23. Bd4 Kh7 24. f3 Re8 25. fxe4 Rxe6 26. exf5 Re2 27. Rxd3 Rxf5
28. Rdf3 Rg5 29. R1f2 Re1+ 30. Rf1 Re2 31. Bf2 Qc6 32. c4 Rxb2 33. Qxb2 Qxf3
34. Qc2+ Kg8 35. Bxa7 Qxh3 36. Qe4 Qh2+ 37. Kf2 Bg3+ 38. Kf3 Qh5+ 0-1

[Event "Krakow POL, 27th Open-B"]
[Site "Krakow POL"]
[Date "2016.12.27"]
[Round "1.10"]
[White "Marzec, Karol"]
[Black "Fiedorek, Michal"]
[Result "1/2-1/2"]
[WhiteElo "2038"]
[BlackElo "1862"]
[PlyCount "21"]
[EventDate "2016.12.27"]
[EventType "swiss"]
[EventRounds "9"]
[EventCountry "POL"]
[SourceTitle "OM OTB B 201907"]
[Source "Opening Master"]
[SourceDate "2019.07.06"]
[SourceVersion "2"]
[SourceVersionDate "2019.07.06"]
[SourceQuality "1"]

1. e4 c5 2. Nf3 d6 3. d4 cxd4 4. Nxd4 Nf6 5. Nc3 Nc6 6. Be2 e5 7. Nb3 Be7 8.
O-O O-O 9. Be3 a5 10. a4 Be6 11. Bf3 1/2-1/2

[Event "FICS rated standard game"]
[Site "FICS freechess.org"]
[Date "2016.12.20"]
[Round "?"]
[White "FredGambit"]
[Black "LTUS"]
[Result "0-1"]
[WhiteElo "1777"]
[BlackElo "2254"]
[PlyCount "46"]
[EventDate "2016.??.??"]

1. e4 c5 2. Nf3 d6 3. d4 cxd4 4. Nxd4 Nf6 5. Nc3 Nc6 6. Be2 e5 7. Ndb5 a6 8.
Na3 b5 9. Nd5 Nxe4 10. Be3 Rb8 11. Bf3 Ng5 12. Nf6+ gxf6 13. Bxc6+ Bd7 14.
Bxd7+ Qxd7 15. O-O Rg8 16. g3 Nh3+ 17. Kg2 Rg6 18. f4 Nxf4+ 19. Bxf4 b4 20. Re1
bxa3 21. bxa3 Rb2 22. Qc1 Qc6+ 23. Kg1 Rxc2 0-1

[Event "FICS rated standard game"]
[Site "FICS freechess.org"]
[Date "2016.12.19"]
[Round "?"]
[White "mlaren"]
[Black "zhengqjf"]
[Result "0-1"]
[WhiteElo "1961"]
[BlackElo "2125"]
[PlyCount "100"]
[EventDate "2016.??.??"]

1. e4 c5 2. Nf3 d6 3. d4 cxd4 4. Nxd4 Nf6 5. Nc3 Nc6 6. Be2 e5 7. Nxc6 bxc6 8.
Bg5 Be7 9. O-O Rb8 10. b3 Be6 11. f4 exf4 12. Bxf4 O-O 13. h3 Qa5 14. Na4 Nxe4
15. Bf3 Rb4 16. Bxe4 Rxe4 17. Bxd6 Bxd6 18. Qxd6 Bd5 19. c4 Bxc4 20. bxc4 Qxa4
21. c5 Rd4 22. Qe7 Rd2 23. Rab1 Qxa2 24. Qe4 Qd5 25. Qxd5 Rxd5 26. Rb7 Rxc5 27.
Rxa7 g6 28. Rc7 Kg7 29. Kh2 Rc2 30. Kg3 h5 31. Kh4 Rc3 32. Rf4 Kh6 33. Rf6 c5
34. g4 hxg4 35. hxg4 Rc1 36. Rfxf7 Rxf7 37. Rxf7 Rh1+ 38. Kg3 Kg5 39. Rd7 Rg1+
40. Kh2 Rc1 41. Kg3 Rc3+ 42. Kg2 Kxg4 43. Rd2 g5 44. Rf2 Kh4 45. Re2 g4 46. Ra2
c4 47. Re2 Rd3 48. Kh2 c3 49. Re4 Rd2+ 50. Kg1 c2 0-1

[Event "Charlotte Southeastern op 3rd"]
[Site "Charlotte"]
[Date "2016.12.18"]
[Round "5"]
[White "Wu, Rochelle"]
[Black "Balleisen, Aaron S"]
[Result "1/2-1/2"]
[WhiteElo "1924"]
[BlackElo "2108"]
[PlyCount "77"]
[EventDate "2016.12.16"]
[EventType "swiss"]
[EventRounds "5"]
[EventCountry "USA"]
[SourceTitle "OM OTB B 201907"]
[Source "Opening Master"]
[SourceDate "2019.07.06"]
[SourceVersion "2"]
[SourceVersionDate "2019.07.06"]
[SourceQuality "1"]

1. e4 c5 2. Nf3 Nc6 3. d4 cxd4 4. Nxd4 Nf6 5. Nc3 d6 6. Be2 e5 7. Nb3 Be7 8.
Be3 O-O 9. O-O a5 10. a3 Be6 11. Qd2 a4 12. Nc1 Na5 13. f3 Nc4 14. Bxc4 Bxc4
15. N1e2 h6 16. Rad1 Qa5 17. Rfe1 Rfd8 18. Ng3 Bf8 19. Qf2 Ra6 20. Rd2 d5 21.
exd5 Nxd5 22. Nxd5 Rxd5 23. Rxd5 Qxd5 24. Ne4 Rg6 25. Bc5 f5 26. Bxf8 fxe4 27.
fxe4 Qd7 28. Bc5 Be6 29. Kh1 Qb5 30. Bb4 Rf6 31. Qc5 Rf1+ 32. Rxf1 Qxf1+ 33.
Qg1 Qe2 34. Qe1 Qxc2 35. Bc3 Bc4 36. Bxe5 Bd3 37. h3 Bxe4 38. Qg3 Bg6 39. Qc3
1/2-1/2

[Event "Golden Cleopatra op"]
[Site "Cairo"]
[Date "2016.12.16"]
[Round "4"]
[White "Roshdy, Mahmoud"]
[Black "Frhat, Ali"]
[Result "0-1"]
[WhiteElo "2131"]
[BlackElo "2407"]
[PlyCount "70"]
[EventDate "2016.12.13"]
[EventType "swiss"]
[EventRounds "10"]
[EventCountry "EGY"]
[SourceTitle "OM OTB B 201907"]
[Source "Opening Master"]
[SourceDate "2019.07.06"]
[SourceVersion "2"]
[SourceVersionDate "2019.07.06"]
[SourceQuality "1"]

1. e4 c5 2. Nf3 Nc6 3. d4 cxd4 4. Nxd4 Nf6 5. Nc3 d6 6. Be2 e5 7. Nb3 Be7 8.
O-O O-O 9. Be3 a5 10. a4 Nb4 11. Nd5 Nfxd5 12. exd5 Bf5 13. Rc1 Be4 14. f3 Bxd5
15. c3 Bg5 16. Bxg5 Qxg5 17. Nxa5 Qe3+ 18. Kh1 Na2 19. Qxd5 Nxc1 20. Bc4 Ne2
21. Nxb7 Nf4 22. Qxd6 Rxa4 23. Bb5 Ra2 24. Nc5 Rxb2 25. Nd7 Rc8 26. Bc4 Rf2 27.
Nxe5 Rxf1+ 28. Bxf1 Re8 29. Ng4 Qe1 30. Qa6 h5 31. g3 Nh3 32. Ne5 Nf2+ 33. Kg2
Rxe5 34. Bc4 Qd2 35. Qc8+ Kh7 0-1

[Event "FICS rated lightning game"]
[Site "FICS freechess.org"]
[Date "2016.12.16"]
[Round "?"]
[White "mimtelf"]
[Black "marcialis"]
[Result "0-1"]
[WhiteElo "1945"]
[BlackElo "2141"]
[PlyCount "32"]
[EventDate "2016.??.??"]
[EventType "schev"]
[EventRounds "3"]

1. e4 c5 2. Nf3 d6 3. d4 cxd4 4. Nxd4 Nf6 5. Nc3 Nc6 6. Be2 e5 7. Nb3 Be6 8. g4
h6 9. Rg1 g5 10. Be3 Be7 11. Qd2 Rc8 12. O-O-O a6 13. Kb1 Nb8 14. h4 Rxc3 15.
bxc3 Nxe4 16. hxg5 Nxd2+ 0-1

[Event "CHI-ch sf"]
[Site "Quilpué"]
[Date "2016.12.15"]
[Round "2"]
[White "Vergara Jofre, Felipe Andres"]
[Black "Navarrete Sandoval, Francisco"]
[Result "1-0"]
[WhiteElo "2197"]
[BlackElo "1980"]
[PlyCount "99"]
[EventDate "2016.12.14"]
[EventType "swiss"]
[EventRounds "8"]
[EventCountry "CHI"]
[SourceTitle "OM OTB B 201907"]
[Source "Opening Master"]
[SourceDate "2019.07.06"]
[SourceVersion "2"]
[SourceVersionDate "2019.07.06"]
[SourceQuality "1"]

1. e4 c5 2. Nf3 d6 3. d4 cxd4 4. Nxd4 Nf6 5. Nc3 Nc6 6. Be2 e5 7. Nf3 h6 8. O-O
Be7 9. Re1 O-O 10. h3 a6 11. Bc4 Qc7 12. Be3 Nb8 13. Qe2 Be6 14. Bb3 Nbd7 15.
Rad1 Rac8 16. Nh4 Nc5 17. Bxc5 Qxc5 18. Nf5 Bxf5 19. exf5 Bd8 20. Nd5 Nxd5 21.
Rxd5 Qc7 22. Red1 Be7 23. a4 Rcd8 24. Qe4 Bf6 25. h4 Qe7 26. g3 Qc7 27. Kg2 Qb8
28. a5 Rfe8 29. Ra1 Rc8 30. Ra4 Red8 31. Rb4 Qc7 32. Rb6 Rb8 33. c3 Be7 34. Qb4
Qc8 35. Bc2 Qc7 36. Be4 Qd7 37. Qb3 Qc7 38. Rd3 Bf6 39. Bxb7 Rd7 40. Be4 Rxb6
41. axb6 Qb8 42. Qa4 Rb7 43. Bxb7 Qxb7+ 44. f3 Qxb6 45. Qb4 Qc6 46. Rxd6 Qc7
47. Rxa6 e4 48. Ra8+ Kh7 49. Qf8 exf3+ 50. Kh2 1-0

[Event "FICS rated blitz game"]
[Site "FICS freechess.org"]
[Date "2016.12.11"]
[Round "?"]
[White "IFDTitan"]
[Black "zurichess"]
[Result "0-1"]
[WhiteElo "1732"]
[BlackElo "2355"]
[PlyCount "34"]
[EventDate "2016.??.??"]
[EventType "blitz"]

1. e4 c5 2. Nf3 Nc6 3. d4 cxd4 4. Nxd4 Nf6 5. Nc3 d6 6. Be2 e5 7. Nxc6 bxc6 8.
g4 h6 9. O-O Rb8 10. h4 Qd7 11. g5 hxg5 12. hxg5 Qh3 13. Bh5 Ng4 14. Bf4 Rxh5
15. Qf3 Qxf3 16. Bh2 Rxh2 17. Rab1 Qg2# 0-1

[Event "World School-ch U15 Girls"]
[Site "Sochi"]
[Date "2016.12.10"]
[Round "8"]
[White "Harshini, A."]
[Black "Arda, Cagil Irmak"]
[Result "1/2-1/2"]
[WhiteElo "1944"]
[BlackElo "2057"]
[PlyCount "57"]
[EventDate "2016.12.03"]
[EventType "swiss"]
[EventRounds "9"]
[EventCountry "RUS"]
[SourceTitle "OM OTB B 201907"]
[Source "Opening Master"]
[SourceDate "2019.07.06"]
[SourceVersion "2"]
[SourceVersionDate "2019.07.06"]
[SourceQuality "1"]

1. e4 c5 2. Nf3 Nc6 3. d4 cxd4 4. Nxd4 Nf6 5. Nc3 d6 6. Be2 e5 7. Nb3 Be7 8.
O-O O-O 9. Bg5 Nxe4 10. Nxe4 Bxg5 11. Nxd6 Qc7 12. Nxc8 Raxc8 13. c3 Rfd8 14.
Qc2 g6 15. Rfd1 Ne7 16. Rxd8+ Rxd8 17. Rd1 Rxd1+ 18. Qxd1 f5 19. Qd3 Kg7 20. g3
Bf6 21. Qc4 Qxc4 22. Bxc4 b6 23. a4 Nc6 24. Bb5 Na5 25. Nxa5 bxa5 26. Kf1 Kf7
27. Kg1 Kg7 28. Kf1 Kf7 29. Kg1 1/2-1/2

[Event "Danzhou CHN, 1st Hainan Open"]
[Site "Danzhou CHN"]
[Date "2016.12.07"]
[Round "1.1"]
[White "Liu, Chang"]
[Black "Yu, Yangyi"]
[Result "0-1"]
[WhiteElo "2334"]
[BlackElo "2729"]
[PlyCount "68"]
[EventDate "2016.12.07"]
[EventType "swiss"]
[EventRounds "9"]
[EventCountry "CHN"]
[SourceTitle "OM OTB B 201907"]
[Source "Opening Master"]
[SourceDate "2019.07.06"]
[SourceVersion "2"]
[SourceVersionDate "2019.07.06"]
[SourceQuality "1"]

1. e4 c5 2. Nf3 Nc6 3. d4 cxd4 4. Nxd4 Nf6 5. Nc3 d6 6. Be2 e5 7. Nb3 Be7 8.
O-O O-O 9. f4 a5 10. a4 Nb4 11. Kh1 Be6 12. f5 Bd7 13. Bg5 Rc8 14. Bf3 Qc7 15.
Qe2 h6 16. Bxf6 Bxf6 17. Rfd1 Rfd8 18. g3 b6 19. h4 Be8 20. Rd2 d5 21. exd5 e4
22. Nxe4 Bxb2 23. d6 Qc4 24. d7 Rxd7 25. Qxc4 Rxc4 26. Re1 Rxd2 27. Nexd2 Rc8
28. Nc4 Nxc2 29. Re4 Bc6 30. Nxb2 Bxe4 31. Bxe4 Ne3 32. Kg1 Nc4 33. Nd1 Nd6 34.
Bd3 b5 0-1